छोटा बच्चा-उत्तम आहर एवं आँखों की देखभालः (Record no. 30057)

MARC details
000 -LEADER
fixed length control field 01221nam a22002537a 4500
005 - DATE AND TIME OF LATEST TRANSACTION
control field 20090905141011.0
008 - FIXED-LENGTH DATA ELEMENTS--GENERAL INFORMATION
fixed length control field 090905t xxu||||| |||| 00| 0 hin d
010 ## - LCCN (DPL NO)
LC control number B-357209
020 ## - INTERNATIONAL STANDARD BOOK NUMBER
International Standard Book Number 9788190274296
Terms of availability 150.00
035 ## - SYSTEM CONTROL NUMBER
System control number B-357209
037 ## - SOURCE OF ACQUISITION
Source of stock number/acquisition DBAD / PUB
040 ## - CATALOGING SOURCE
Original cataloging agency dpl
Language of cataloging hn
082 ## - DEWEY DECIMAL CLASSIFICATION NUMBER
Classification number 649.1
100 ## - MAIN ENTRY--PERSONAL NAME
Personal name अरविन्द कुमार
245 ## - TITLE STATEMENT
Title छोटा बच्चा-उत्तम आहर एवं आँखों की देखभालः
Remainder of title कारण एवं बचाव /
Statement of responsibility, etc अरविन्द कुमार
246 ## - VARYING FORM OF TITLE
Remainder of title by Arvind Kumar
260 ## - PUBLICATION, DISTRIBUTION, ETC. (IMPRINT)
Place of publication, distribution, etc दिल्ली
Name of publisher, distributor, etc लक्ष्य साहित्य
Date of publication, distribution, etc 2009
270 ## - ADDRESS
Address एन-66, गली नं.4, नवीन शाहदरा
City दिल्ली
Postal code 110032
300 ## - PHYSICAL DESCRIPTION
Extent 48पृ.
Dimensions 24सेमी (सजिल्द)
Other physical details सचित्र
650 ## - SUBJECT ADDED ENTRY--TOPICAL TERM
Topical term or geographic name as entry element बाल अनुरक्षण
650 ## - SUBJECT ADDED ENTRY--TOPICAL TERM
Topical term or geographic name as entry element Child rearing
942 ## - ADDED ENTRY ELEMENTS (KOHA)
Source of classification or shelving scheme Dewey Decimal Classification
Item type Children Books
Classification part 649.1
Call number suffix अरवि
Holdings
Withdrawn status Lost status Source of classification or shelving scheme Damaged status Not for loan Collection code Home library Current library Date acquired Source of acquisition Cost, normal purchase price Total Checkouts Full call number Barcode Date last seen Copy number Cost, replacement price Koha item type
    Dewey Decimal Classification     Non-fiction Janak Puri Janak Puri 05/09/2009 DBAD / PUB 150.00 37 649.1 अरवि B-357209 27/06/2018 1 150.00 Children Books

© Delhi Public Library
Hit Counter
free hit counter